000 00652cab a2200217 4500
001 WB3422-08
008 090401t1998 xxu||||| |||| 00| 0 eng d
035 _a(Sirsi) u86738
041 _aeng
245 _aNew war against termites
260 _c1998
350 _a0
490 _aIndependent
_v9 June 1998, 11
490 _aTimes
_v9 June 1998, 12
490 _aWestern Morning News
_v8 June 1998, 5(3)
520 _aScientists have begun to irradicate the colony of termites eating their way through two holiday homes in Devon.
650 _aTERMITES
690 _aBUILT ENVIRONMENT-BUILDING PATHOLOGY
942 _n0
948 _c09/06/1998
999 _c54625
_d54625